000 00629nam a22001697a 4500
003 OSt
005 20251028132310.0
008 251028b |||||||| |||| 00| 0 eng d
010 _a2004048858
020 _a0060526556
040 _aHARPER COLLINS PUBLISHERS Inc
_cHARPERCOLLINS
050 _aBS 2410 .W47 2004
_b .W47 2004
245 _aFROM JESUS TO CHRISTIANITY:
_bHow Four Generations of Visionaries & Storytellers created the New Testament and Christian Faith/
_cMICHAEL,L WHITE
260 _aNEW YORK
_bHARPERCOLLINS PUBLISHERS
_c2004
300 _aix,508p.
_bhardcover;som col ; ill.
_c23.5 cm
942 _2lcc
_cBK
_e1st EDITION
_n0
999 _c9710
_d9710